LEADER 00878nam0-2200313---450- 001 990008260540403321 005 20060123131119.0 010 $a8883636155 035 $a000826054 035 $aFED01000826054 035 $a(Aleph)000826054FED01 035 $a000826054 100 $a20060123d2004----km-y0itay50------ba 101 0 $aita 102 $aIT 105 $a--------001yy 200 1 $aPrimi in economia$eincontri ravvicinati con 41 imprenditori a prova di crisi$fMauro Castelli 210 $aMilano$cIl sole-24 ore$d2004 215 $a433 p.$d22cm 610 0 $aItalia$aImprenditori$aBiografie 676 $a338.70945 700 1$aCastelli,$bMauro$0141820 801 0$aIT$bUNINA$gRICA$2UNIMARC 901 $aBK 912 $a990008260540403321 952 $aSE119.01.21-$b5895D$fDECSE 959 $aDECSE 996 $aPrimi in economia$9742014 997 $aUNINA LEADER 01057nam0-2200337---450- 001 990005550380403321 005 20130701143142.0 035 $a000555038 035 $aFED01000555038 035 $a(Aleph)000555038FED01 035 $a000555038 100 $a19990604d1896----km-y0itay50------ba 101 0 $ager 102 $aDE 105 $aaf--b---001yy 200 1 $aBeschreibung der geschnittenen Steine im Antiquarium$fvon Adolf Furtwängler 210 $aBerlin$cW. Spemann$d1896 215 $aXIII, 391 p., 71 c. di tav.$cill.$d28 cm 304 $aSul front.: Königliche Museen zu Berlin 610 0 $aGemme incise$aCataloghi 610 0 $aBerlino$aStaatliche Museen$aCataloghi 676 $a736.2$v22 700 1$aFurtwängler,$bAdolf$0399347 712 02$aKönigliche Museen$c 801 0$aIT$bUNINA$gRICA$2UNIMARC 901 $aBK 912 $a990005550380403321 952 $a736.2 CATALOGHI 2$bARCH. 4633$fFLFBC 959 $aFLFBC 996 $aBeschreibung der geschnittenen Steine im Antiquarium$9611686 997 $aUNINA